| 000 | 00599nam a22002177a 4500 | ||
|---|---|---|---|
| 003 | OSt | ||
| 005 | 20220107122835.0 | ||
| 008 | 171123b xxu||||| |||| 00| 0 eng d | ||
| 020 | _a9789332570405 | ||
| 040 | _cIIITMK | ||
| 082 | _a004.22 STA/C | ||
| 100 |
_aStallings, William _913356 |
||
| 245 |
_aComputer organization and architecture: _bDesigning for performance |
||
| 250 | _a10 | ||
| 260 |
_aNoida, _bPearson India, _c2017. |
||
| 300 | _a857p. | ||
| 650 |
_aCOMPUTER SCIENCE _913357 |
||
| 650 |
_aCOMPUTER ORGANIZATION _913358 |
||
| 650 |
_aCOMPUTER ARCHITECTURE _913359 |
||
| 942 |
_2ddc _cBK |
||
| 999 |
_c5924 _d5924 |
||